Vlastnické přeměny v bývalé NDR.

Privatizáciou podnikov v bývalej NDR je preverený zvláštny úrad, ktorý má v správe okolo 8 tisíc podnikov. Budúcnosť podnikov môže mať tri podoby: podnik môže byť privatizovaný bez zvýhodnenia zamestnancov a bez kupónov, reštrukturalizovaný (príprava do nových konkurenčných podmienok), alebo likvido...

Ausführliche Beschreibung

Gespeichert in:
Bibliographische Detailangaben
1. Verfasser: Urban, Luděk
Format: Buchkapitel
Sprache:Tschechisch
Schlagworte:
Tags: Tag hinzufügen
Keine Tags, Fügen Sie das erste Tag hinzu!

MARC

LEADER 00000naa a2200000 4500
001 r002372
005 20220819180015.8
041 0 |a cze 
044 |a [CS] 
245 1 0 |a Vlastnické přeměny v bývalé NDR.  |c Luděk Urban 
520 |a Privatizáciou podnikov v bývalej NDR je preverený zvláštny úrad, ktorý má v správe okolo 8 tisíc podnikov. Budúcnosť podnikov môže mať tri podoby: podnik môže byť privatizovaný bez zvýhodnenia zamestnancov a bez kupónov, reštrukturalizovaný (príprava do nových konkurenčných podmienok), alebo likvidovaný. 
610 2 0 |a privatizácia 
610 2 0 |a vlastníctvo 
610 2 0 |a NDR 
610 2 0 |a podnik 
610 2 0 |a zmeny štruktúrne 
610 2 0 |a zamestnanci 
610 2 0 |a konkurencia 
610 2 0 |a účasť na zisku 
100 1 |a Urban, Luděk